| 000 | 01205nam a22003017a 4500 | ||
|---|---|---|---|
| 005 | 20230227053438.0 | ||
| 008 | 230227b |||||||| |||| 00| 0 eng d | ||
| 020 | _a971-685-751-5 | ||
| 082 | _aFil. 371.1 Sp741f 2013 | ||
| 100 |
_aCorpuz, Brenda B. _eauthor |
||
| 245 |
_aSpecial topics in education: _bvolume 4 / _cBrenda B. Corpuz, Paraluman R. Giron, Rosita K. Navarro, Lolita M. Andrada, Punta P. Bilbao, Avelina T. Llagas, Gloria G. Salandanan, Maria Rita D. Lucas, Paz I. Lucido, Milagros L. Borabo, Heidi Grace L. Borabo, Amor Q. De Torres |
||
| 260 |
_aManila: _bLorimar Publishing, _cc2013 |
||
| 300 |
_a121p.: _bill. |
||
| 541 | _e3953 c.1, 5819 c.2, 5820 c.3 | ||
| 650 | _aTeaching | ||
| 650 | _aEducation - Philippines | ||
| 700 |
_aGiron, Paraluman R. _eauthor |
||
| 700 |
_aNavarro, Rosita L. _eauthor |
||
| 700 |
_aAndrada, Lolita M. _eauthor |
||
| 700 |
_aBilbao, Punta P. _eauthor |
||
| 700 |
_aLlagas, Avelina T. _eauthor |
||
| 700 |
_aSalandanan, Gloria G. _eauthor |
||
| 700 |
_aLucas, Maria Rita D. _eauthor |
||
| 700 |
_aLucido, Paz I. _eauthor |
||
| 700 |
_aBorabo, Milagros L. _eauthor |
||
| 700 |
_aBorabo, Heidi Grace L. _eauthor |
||
| 700 |
_aDe Torres, Amor Q. _eauthor |
||
| 999 |
_c1438 _d1438 |
||